Sonda do ekonomického diskurzu v čase pandémie

Charakterizácia ekonomického diskurzu na Slovensku, situovaného do obdobia pandémie ochorenia COVID‑19 spôsobeného novým koronavírusom, ktoré prinieslo nové témy a aj zmenu celkovej atmosféry v spoločnosti v kontexte pribúdania negatívnych správ, ktoré médiá denne prinášali, čím sa vytvárala napätá...

Ausführliche Beschreibung

Gespeichert in:
Bibliographische Detailangaben
1. Verfasser: Rizeková, Iveta, 1961-
Format: Buchkapitel
Sprache:Slowakisch
Schlagworte:
Tags: Tag hinzufügen
Keine Tags, Fügen Sie das erste Tag hinzu!

MARC

LEADER 00000naa$a2200000$$$4500
001 0282549
005 20240502074405.7
041 0 |a slo 
044 |a SK 
245 1 0 |a Sonda do ekonomického diskurzu v čase pandémie  |c Iveta Rizeková 
520 |a Charakterizácia ekonomického diskurzu na Slovensku, situovaného do obdobia pandémie ochorenia COVID‑19 spôsobeného novým koronavírusom, ktoré prinieslo nové témy a aj zmenu celkovej atmosféry v spoločnosti v kontexte pribúdania negatívnych správ, ktoré médiá denne prinášali, čím sa vytvárala napätá klíma, stupňovaná obavami obyvateľstva z vývoja zdravotnej i ekonomickej situácie. Lingvistická diskurzná analýza medializovaných dialógov, s opisom a zdôvodnením jazykových správaním aktérov ekonomického diskurzu (Eduard Heger, Boris Kollár, Peter Žiga, Robert Fico a ďalší), ako aj spôsoby ich interpretácie vážnych ekonomických javov a procesov, s obrazmi mimoriadnej udalosti v ekonomickom diskurze. 
610 2 0 |a jazykoveda 
610 2 0 |a rétorika 
610 2 0 |a jazyk diplomatický 
610 2 0 |a populizmus 
610 2 0 |a pandémia 
610 2 0 |a koronavírus 
610 2 0 |a koronakríza 
610 2 0 |a komunikácia masmediálna 
610 2 0 |a médiá 
610 2 0 |a situácia politická 
610 2 0 |a Slovensko 
100 1 |a Rizeková, Iveta, 1961-